000 00563nam a2200181Ia 4500
005 20260429112232.0
008 260429s9999||||xx |||||||||||||| ||und||
020 _a9788195966691
041 _aHindi
082 _a891.8143
_bSAN
100 _aसांकृत्यायन, राहुल
245 0 _aअदीना /
_cराहुल सांकृत्यायन
250 _a1st ed.
260 _aदिल्ली :
_bशुभदा प्रकाशन,
_c2025.
300 _a144 p.; Hb
650 _aKANNADA LITERATURE
942 _cTB
999 _c53039
_d53039